[Event "Senta op-A 10th"]
[Site "Senta"]
[Date "2006.07.28"]
[Round "9"]
[White "Vranic, Ljubomir"]
[Black "Tatalovic, Dusan"]
[Result "1-0"]
[WhiteElo "2190"]
[BlackElo "2273"]
[PlyCount "99"]
[EventDate "2006.07.21"]
[EventType "swiss"]
[EventRounds "9"]
[EventCountry "YUG"]
[SourceTitle "CBM 113 Extra"]
[Source "ChessBase"]
[SourceDate "2006.09.14"]
[SourceVersion "1"]
[SourceVersionDate "2006.09.14"]
[SourceQuality "1"]

1. d4 d5 2. c4 dxc4 3. Nf3 Nf6 4. e3 Bg4 5. Bxc4 e6 6. Be2 a6 7. 0-0 Nc6 8. a3 Bd6 9. b4 0-0 10. Bb2 Qe7 11. Nbd2 Rfd8 12. h3 Bh5 13. Rc1 Na7 14. e4 Bxf3 15. Bxf3 e5 16. Re1 Nc6 17. Nc4 Rd7 18. Qe2 Re8 19. d5 Na7 20. Na5 Rb8 21. Qe3 Nc8 22. Nc4 Rd8 23. Rc2 Ne8 24. Rec1 Ra8 25. Qc3 Nb6 26. Qb3 Nxc4 27. Rxc4 g6 28. Bd1 Ng7 29. Qg3 Rf8 30. Bb3 Nh5 31. Qg4 Nf4 32. Rd1 f5 33. Qf3 Rf7 34. Re1 Raf8 35. exf5 Rxf5 36. Rce4 Nh5 37. Qd3 Qf7 38. f3 Nf4 39. Rxf4 Rxf4 40. Rxe5 Bxe5 41. Bxe5 Rf6 42. d6 Re6 43. dxc7 Rfe8 44. f4 Qe7 45. Qd5 Kf7 46. g4 b5 47. Kh2 Qh4 48. Qd7+ Qe7 49. c8Q Rxc8 50. Bxe6+ 1-0

[Event "Senta op-A 10th"]
[Site "Senta"]
[Date "2006.07.27"]
[Round "8"]
[White "Tatalovic, Dusan"]
[Black "Dinic, Nenad"]
[Result "1-0"]
[WhiteElo "2273"]
[BlackElo "2128"]
[PlyCount "79"]
[EventDate "2006.07.21"]
[EventType "swiss"]
[EventRounds "9"]
[EventCountry "YUG"]
[SourceTitle "CBM 113 Extra"]
[Source "ChessBase"]
[SourceDate "2006.09.14"]
[SourceVersion "1"]
[SourceVersionDate "2006.09.14"]
[SourceQuality "1"]

1. e4 c5 2. Nf3 Nf6 3. e5 Nd5 4. b3 g6 5. Bb2 Bg7 6. d4 cxd4 7. Qxd4 Qa5+ 8. Qd2 Qxd2+ 9. Nbxd2 0-0 10. 0-0-0 Nc7 11. h4 Nc6 12. h5 b5 13. Ne4 a5 14. a3 Rb8 15. Nc5 Rd8 16. g3 d6 17. exd6 Bxb2+ 18. Kxb2 exd6 19. Ne4 d5 20. hxg6 hxg6 21. Nc5 Bg4 22. Bg2 Bxf3 23. Bxf3 Ne5 24. Bg2 Ng4 25. Nd3 Re8 26. Rd2 Rbd8 27. Rh4 Nf6 28. Nc5 g5 29. Rh1 Rb8 30. b4 axb4 31. axb4 Kg7 32. Rhd1 Re7 33. Ra1 Na8 34. Bxd5 Nxd5 35. Rxd5 Nb6 36. Rxg5+ Kf6 37. Rg4 Nc4+ 38. Kc3 Rd8 39. Ra6+ Kf5 40. Rf4+ 1-0

[Event "Senta op-A 10th"]
[Site "Senta"]
[Date "2006.07.22"]
[Round "3"]
[White "Igaz, Ervin"]
[Black "Tatalovic, Dusan"]
[Result "1-0"]
[WhiteElo "2099"]
[BlackElo "2273"]
[PlyCount "51"]
[EventDate "2006.07.21"]
[EventType "swiss"]
[EventRounds "9"]
[EventCountry "YUG"]
[SourceTitle "CBM 113 Extra"]
[Source "ChessBase"]
[SourceDate "2006.09.14"]
[SourceVersion "1"]
[SourceVersionDate "2006.09.14"]
[SourceQuality "1"]

1. e4 c5 2. Nf3 Nc6 3. c3 d5 4. exd5 Qxd5 5. Na3 e5 6. Bb5 e4 7. Qe2 Be7 8. Ng1 Nf6 9. f3 0-0 10. fxe4 Nxe4 11. Bc4 Bh4+ 12. g3 Qd8 13. d3 Bxg3+ 14. Kf1 Qf6+ 15. Qf3 Bh3+ 16. Ke2 Nxc3+ 17. bxc3 Qxc3 18. Qxg3 Qxa1 19. Nxh3 Rae8+ 20. Kd1 Nd4 21. Nc2 Nxc2 22. Kxc2 Re2+ 23. Kd1 Rfe8 24. Nf4 R2e5 25. Rg1 g6 26. Nxg6 1-0

[Event "Bajmok op 8th"]
[Site "Bajmok"]
[Date "2006.01.06"]
[Round "9"]
[White "Petrekanovic, Miroslav"]
[Black "Tatalovic, Dusan"]
[Result "1/2-1/2"]
[WhiteElo "2087"]
[BlackElo "2271"]
[PlyCount "77"]
[EventDate "2005.12.23"]
[EventType "swiss"]
[EventRounds "9"]
[EventCountry "YUG"]
[SourceTitle "CBM 110 Extra"]
[Source "ChessBase"]
[SourceDate "2006.03.10"]
[SourceVersion "2"]
[SourceVersionDate "2006.03.10"]
[SourceQuality "1"]

1. d4 d5 2. c4 dxc4 3. Nf3 Nf6 4. e3 Bg4 5. Bxc4 e6 6. Nc3 a6 7. 0-0 Nc6 8. Be2 Bd6 9. Kh1 0-0 10. e4 Bxf3 11. Bxf3 e5 12. Be3 exd4 13. Bxd4 Nxd4 14. Qxd4 Qe7 15. Nd5 Nxd5 16. Qxd5 c6 17. Qb3 Rad8 18. g3 Bc5 19. Rad1 Rxd1 20. Qxd1 Rd8 21. Qe2 Bd4 22. Rd1 c5 23. e5 b5 24. b3 Re8 25. Kg2 Qxe5 26. Re1 Qxe2 27. Rxe2 Rxe2 28. Bxe2 Kf8 29. a4 bxa4 30. bxa4 a5 31. Bc4 Ke7 32. f4 f6 33. Kf3 Bg1 34. Kg2 Be3 35. Kf3 Bd4 36. g4 g5 37. f5 Kd6 38. Ke4 Be5 39. h3 1/2-1/2

[Event "Bajmok op 8th"]
[Site "Bajmok"]
[Date "2006.01.03"]
[Round "6"]
[White "Tatalovic, Dusan"]
[Black "Szabados, Karoly"]
[Result "1-0"]
[WhiteElo "2271"]
[BlackElo "2065"]
[PlyCount "67"]
[EventDate "2005.12.23"]
[EventType "swiss"]
[EventRounds "9"]
[EventCountry "YUG"]
[SourceTitle "CBM 110 Extra"]
[Source "ChessBase"]
[SourceDate "2006.03.10"]
[SourceVersion "2"]
[SourceVersionDate "2006.03.10"]
[SourceQuality "1"]

1. e4 e6 2. d4 d5 3. e5 c5 4. Nf3 Nc6 5. Bd3 Bd7 6. 0-0 cxd4 7. a3 Nge7 8. b4 Ng6 9. Re1 Qc7 10. Qe2 f6 11. Bxg6+ hxg6 12. Bf4 g5 13. Bg3 Qb6 14. Qd3 0-0-0 15. c4 g4 16. c5 Bxc5 17. bxc5 Qb2 18. Nbd2 gxf3 19. Nxf3 Qc3 20. Qg6 f5 21. Rec1 Qb2 22. Rab1 Qe2 23. Re1 Qc2 24. Ng5 d3 25. Nf7 Nd4 26. Nxh8 Ne2+ 27. Kh1 Rxh8 28. Qxg7 Nxg3+ 29. fxg3 Rd8 30. Rec1 Qa4 31. c6 bxc6 32. Qe7 d2 33. Rd1 Qa5 34. Rxd2 1-0